000 01219nam a2200253Ia 4500
999 _c39733
_d39733
001 6338
003 GE_BSU
005 20191002173425.0
008 181216s||||||||xx |||||||||||||| ||und||
040 _cGE_BSU
041 _ageo
080 _a821.353.1-316 ბ-27
100 _aბარნოვი, ვასილ
_94407
245 _aრაინდი სული :
_bმოთხრობები /
_cვასილ ბარნოვი ; რედ. : მიმოზა ძიძიგური ; შემდგ. : გურამ გვერდწითელი, ჯანსუღ ორძაია.
264 _aთბილისი :
_bმერანი ;
_c1991.
300 _a511 გვ. ;
_c21 სმ.
490 _aქართული ისტორიული პროზა
653 _aრაინდი სული
653 _aმოთხრობები
700 _aძიძიგური, მიმოზა
_eრედაქტორი
_94459
700 _aგვერდწითელი, გურამ
_eშემდგენელი
_93781
700 _aკორძაია, ჯანსუღ
_eშემდგენელი
_94460
942 _cBK
_2udc